000 00306nam a22001337a 4500
008 170606b xxu||||| |||| 00| 0 eng d
020 _a0534039510
041 _aeng
080 _a94
100 _a18
101 _aSHH
245 _aTHE ETHICS OF WAR AND NUCLEAR DETERRENCE
_cSTERBA,J.P
942 _2udc
_cBK
999 _c16076
_d16076